Sneaking out / created and story by Francine ... Read More
Available copies
- 1 of 2 copies available at LARL/NWRL Consortium.
- 1 of 2 copies available at Lake Agassiz Regional Library. (Show preferred library)
Current holds
0 current holds with 2 total copies.
Show All Copies
| Location | Call Number / Copy Notes | Barcode | Shelving Location | Status | Due Date |
|---|---|---|---|---|---|
| Moorhead Public Library | J G PAS (Text) | 33500014365621 | Main | Available | - |
Record details
- ISBN: 9780593807200
- ISBN: 0593807200
- ISBN: 9780593807217
- ISBN: 0593807219
- ISBN: 9780593807224
- ISBN: 0593807227
- Physical Description: 199 pages : color illustrations ; 21 cm.
- Edition: First edition.
- Publisher: New York : RH Graphic, 2025.
Content descriptions
| Summary, etc.: | When twins Elizabeth and Jessica Wakefield are ... Read More |
| Target Audience Note: | Ages 8-12 Random House Graphic. |
Search for related items by subject
| Genre: | School comics. Domestic comics. Graphic novel adaptations. Graphic novels. |
Search for related items by series
| LDR | 03306cam a22007098i 4500 | ||
|---|---|---|---|
| 001 | 456291 | ||
| 003 | LARL_NWRL_CONSORTIUM | ||
| 005 | 20250213172717.0 | ||
| 008 | 240823s2025 nyua c 6 000 1 eng | ||
| 010 | . | ‡a 2024036940 | |
| 040 | . | ‡aDLC ‡beng ‡erda ‡cDLC ‡dOCLCO ‡dOCO ‡dGL9 ‡dJTH ‡dOCLCO ‡dRNL ‡dOCLCO ‡dLJW ‡dJBI ‡dOQX | |
| 020 | . | ‡a9780593807200 ‡q(trade paperback) | |
| 020 | . | ‡a0593807200 ‡q(trade paperback) | |
| 020 | . | ‡a9780593807217 ‡q(hardcover) | |
| 020 | . | ‡a0593807219 ‡q(hardcover) | |
| 020 | . | ‡a9780593807224 ‡q(library binding) | |
| 020 | . | ‡a0593807227 ‡q(library binding) | |
| 020 | . | ‡z9780593807231 ‡q(ebook) | |
| 035 | . | ‡a(OCoLC)1453209803 | |
| 042 | . | ‡apcc | |
| 082 | 0 | 0. | ‡a741.5/973 ‡223/eng/20240823 |
| 100 | 1 | . | ‡aPascal, Francine, ‡ewriter, ‡ecreator. ‡0(LARL_NWRL_CONSORTIUM)60651 |
| 245 | 1 | 0. | ‡aSneaking out / ‡ccreated and story by Francine Pascal ; adaptation written by Nicole Andelfinger ; illustrated by Claudia Aguirre ; colors by Sara Hagstrom and Lyle Lynde ; letters by Warren Montgomery. |
| 246 | 3 | . | ‡aSweet Valley twins. ‡pSneaking out |
| 246 | 1 | . | ‡iAt head of title: ‡aFrancine Pascal's Sweet Valley twins |
| 250 | . | ‡aFirst edition. | |
| 264 | 1. | ‡aNew York : ‡bRH Graphic, ‡c2025. | |
| 300 | . | ‡a199 pages : ‡bcolor illustrations ; ‡c21 cm. | |
| 336 | . | ‡atext ‡btxt ‡2rdacontent | |
| 336 | . | ‡astill image ‡bsti ‡2rdacontent | |
| 337 | . | ‡aunmediated ‡bn ‡2rdamedia | |
| 338 | . | ‡avolume ‡bnc ‡2rdacarrier | |
| 490 | 0 | . | ‡aSweet Valley twins ; ‡v5 |
| 521 | . | ‡aAges 8-12 ‡bRandom House Graphic. | |
| 520 | . | ‡aWhen twins Elizabeth and Jessica Wakefield are forbidden to go to a Johnny Buck concert, Jessica comes up with a plan to sneak out of the house and attend. | |
| 650 | 0. | ‡aTwins ‡vJuvenile fiction. ‡0(LARL_NWRL_CONSORTIUM)167782 | |
| 650 | 0. | ‡aSisters ‡vJuvenile fiction. ‡0(LARL_NWRL_CONSORTIUM)167228 | |
| 650 | 0. | ‡aTwins ‡vComic books, strips, etc. | |
| 650 | 0. | ‡aSisters ‡vComic books, strips, etc. | |
| 650 | 0. | ‡aObedience ‡vJuvenile fiction. | |
| 650 | 0. | ‡aObedience ‡vComic books, strips, etc. | |
| 650 | 1. | ‡aGraphic novels. ‡0(LARL_NWRL_CONSORTIUM)40036 | |
| 655 | 7. | ‡aSchool comics. ‡2lcgft | |
| 655 | 7. | ‡aDomestic comics. ‡2lcgft | |
| 655 | 7. | ‡aGraphic novel adaptations. ‡2lcgft | |
| 655 | 7. | ‡aGraphic novels. ‡2lcgft | |
| 700 | 1 | . | ‡aAndelfinger, Nicole, ‡eauthor. |
| 700 | 1 | . | ‡aAguirre, Claudia, ‡eillustrator. ‡1https://id.oclc.org/worldcat/entity/E39PCjvBgbkvFphM8G8x4673FC |
| 700 | 1 | . | ‡aHagstrom, Sara, ‡ecolorist. |
| 700 | 1 | . | ‡aLynde, Lyle, ‡ecolorist. ‡1https://id.oclc.org/worldcat/entity/E39PCjqqWkPTqYQvQrKGM3KMHd |
| 700 | 1 | . | ‡aMontgomery, Warren, ‡eletterer. ‡1https://id.oclc.org/worldcat/entity/E39PCjGB9GD8kycf8Bcdr4kfVP |
| 700 | 1 | 2. | ‡iGraphic novelization of (work): ‡aPascal, Francine. ‡tSneaking out. |
| 776 | 0 | 8. | ‡iOnline version: ‡aAndelfinger, Nicole. ‡tSneaking out ‡dNew York : RH Graphic, 2025 ‡z9780593807231 ‡w(DLC) 2024036941 |
| 901 | . | ‡a456291 ‡bAUTOGEN ‡c456291 ‡tbiblio | |

Add to basket
Permalink
Disable Highlighting